God Save the Queen!

Podrobná bibliografia
Hlavný autor: Krivošík, Lukáš, 1983- (Autor)
Médium: Článok
Jazyk:slovenčina
Fyzický popis:Fotogr.
ISSN:1336-5932
Predmet:

MARC

LEADER 00000nab a2200000 a 4500
001 vtls008701407
003 SK-MaSNL
005 20260304204516.0
008 140515c2006 xo wr|p|||||||000 b|slo
015 |a SNBRB2006/05  |2 snkbucl 
040 |a SNKBUCL  |b slo  |c SNKBUCL  |e AACR2 
041 0 |a slo 
044 |a xo  |c SK 
080 |a 94-051  |2 2001 
080 |a 929 Alžbeta II.  |2 2001 
080 |a 94  |x (410)  |2 2001 
100 1 |a Krivošík, Lukáš,  |d 1983-  |4 aut  |9 78603 
245 1 0 |a God Save the Queen!  |c Lukáš Krivošík 
300 |b Fotogr. 
600 0 7 |a Alžbeta  |b II.,  |c britská kráľovná,  |d 1926-2022  |2 snkbucl  |9 86461 
651 7 |a Veľká Británia  |x dejiny  |2 snkbucl  |9 67313 
773 0 |t Týždeň  |g Roč. III, č. 17 (2006), s. 42  |x 1336-5932 
852 |a SNK  |b KIS3GCP 
958 |a GB 
958 |a BC 
999 |c 3116399  |d 3118329